Geografía, ciencia humana / (Record no. 28367)

MARC details
000 -LEADER
campo de control de longitud fija 00548nam a22001817a 4500
001 - NÚMERO DE CONTROL
campo de control 00028345
005 - FECHA Y HORA DE LA ÚLTIMA TRANSACCIÓN
campo de control 20260226171043.0
008 - DATOS DE LONGITUD FIJA--INFORMACIÓN GENERAL
campo de control de longitud fija 260226b ag ||||| |||| 00| 0 spa d
040 ## - FUENTE DE CATALOGACIÓN
Centro catalogador/agencia de origen AR-CcCEOS
Lengua de catalogación Español; Castellano
Centro/agencia transcriptor AR-CcCEOS
041 ## - CÓDIGO DE IDIOMA
Código de lengua del texto/banda sonora o título independiente Español; Castellano
090 ## - LOCALMENTE ASIGNADO TIPO-LC NÚMERO DE CLASIFICACIÓN (OCLC); NÚMERO DE CLASIFICACIÓN LOCAL (RLIN)
Número cutter local (OCLC) ; Número de libro/Signatura topográfica íntegra, CALL (RLIN) HUM v.36
100 ## - ENTRADA PRINCIPAL--NOMBRE DE PERSONA
Nombre de persona Humboldt
9 (RLIN) 653
245 ## - MENCIÓN DEL TÍTULO
Título Geografía, ciencia humana /
Mención de responsabilidad, etc. Humboldt, Ritter, Vidal de La Blache y otros
264 ## - PRODUCCIÓN, PUBLICACIÓN, DISTRIBUCIÓN, FABRICACIÓN Y COPYRIGHT
Producción, publicación, distribución, fabricación y copyright Buenos Aires :
Nombre del de productor, editor, distribuidor, fabricante Centro Editor de America Latina,
Fecha de producción, publicación, distribución, fabricación o copyright c1977.
300 ## - DESCRIPCIÓN FÍSICA
Extensión 155 p. ;
Dimensiones 19x13 cm.
490 ## - MENCIÓN DE SERIE
Designación de volumen o secuencia Colección Biblioteca Total
942 ## - ELEMENTOS DE ENTRADA SECUNDARIOS (KOHA)
Fuente de la clasificación o esquema de estantería Clasificación decimal universal
Tipo de ítem Koha Libros
Suprimir en OPAC No

No items available.